000 00660nam a22002057a 4500
001 38191
003 BD-RjUL
005 20211209052739.0
008 151005s1968 bg ||||| |||| 00| 0 ben d
035 _a(BD-RjUL)38296
040 _aBD-RjUL
_bben
_cBD-RjUL
041 _aben
082 _a891.443
_bMOR 1968
100 _aমনজুর, মকবুলা
_9118129
245 _aআর এক জীবন /
_cমকবুলা মনজুর
260 _aঢাকা :
_bনওরোজ কিতাবিস্তান,
_c১৯৬৮
300 _a১৮২ পৃ. ;
_c২২ সেমি.
650 _a Bengali fiction
_9118130
942 _2ddc
_cBK
999 _c38191
_d38191